Immunology [e resource : question paper] : Fifth sem BE degree exam, Jun/Jul 08 (BT54) (Record no. 208952)
[ view plain ]
| 000 -LEADER | |
|---|---|
| fixed length control field | 00443nam a2200121Ia 4500 |
| 008 - FIXED-LENGTH DATA ELEMENTS--GENERAL INFORMATION | |
| fixed length control field | 231221s9999 xx 000 0 und d |
| 041 ## - LANGUAGE CODE | |
| Language code of text/sound track or separate title | English |
| 082 ## - DEWEY DECIMAL CLASSIFICATION NUMBER | |
| Classification number | QPBTUG08-2107 |
| 245 #0 - TITLE STATEMENT | |
| Title | Immunology [e resource : question paper] : Fifth sem BE degree exam, Jun/Jul 08 (BT54) |
| 260 ## - PUBLICATION, DISTRIBUTION, ETC. | |
| Date of publication, distribution, etc. | 2008/07 |
| Name of publisher, distributor, etc. | VTU |
| Place of publication, distribution, etc. | Bangalore |
| 650 ## - SUBJECT ADDED ENTRY--TOPICAL TERM | |
| Topical term or geographic name entry element | Immunology,[electronic,paper],Fifth,B.E.,degree,examination,,Jun/Jul,2008,(BT54),M.Sc.,Biotechnology |
| 942 ## - ADDED ENTRY ELEMENTS (KOHA) | |
| Koha item type | Digital Library |
| Date last seen | Total checkouts | Full call number | Accession number | Uniform resource identifier | Price effective from | Category | Lost status | Damaged status | Department | Withdrawn status | Home library | Current library | Shelving location | Entry date | Grants | Billdate | Currency symbol | Conversion rate | Discount | Old discount |
|---|---|---|---|---|---|---|---|---|---|---|---|---|---|---|---|---|---|---|---|---|
| 26/01/2024 | QPBTUG08-2107 | DL2107 | digital/qp/dl2107.pdf | 26/01/2024 | Digital Library | Central Library | Central Library | Central Library | Central Library | BT | 14/12/2011 | RS | 1 |
